Úprava pre čítanie a používanie výsledných zostáv integrovaného systému automatizovanej evidencie v lesnom hospodárstve ISAE

Bibliographic Details
Format: Book
Language:Slovak
PhysicalDescription:68 s. 20 cm
Published: Bratislava Štátne lesy 1975
Edition:[1. vyd.]
Subjects:

MARC

LEADER 00000cam a2200000 a 4500
001 vtls008354281
003 SK-MaSNL
005 20260301221144.0
008 180814s1975 xo f f 0 0 0 slo
015 |a SNBA1975/09-02205 
020 |q (brož.) 
035 |a SK01SNK19750046498 
035 |a SKM000048961 
040 |a SNK  |b slo  |c SNK  |e AACR2 
041 0 |a slo 
044 |a xo  |c SK 
072 7 |a 630  |x Lesníctvo  |2 konspekt 
080 |a 630  |2 1997 
080 |a 681.51  |2 1997 
080 |a (035)  |2 1997 
245 0 0 |a Úprava pre čítanie a používanie výsledných zostáv integrovaného systému automatizovanej evidencie v lesnom hospodárstve ISAE 
250 |a [1. vyd.] 
260 |a Bratislava  |b Štátne lesy  |c 1975 
300 |a 68 s.  |c 20 cm 
650 0 7 |a lesné hospodárstvo  |2 SNKPH  |9 1256 
650 0 7 |a automatizované systémy riadenia  |2 SNKPH  |9 28612 
655 7 |a príručky  |2 SNKPH  |9 74364 
852 |a Slovenská národná knižnica v Martine  |b 10000  |h SC 36999 
852 |a Slovenská národná knižnica v Martine  |b 10000  |h SC 36999 D1 
958 |a OND 
958 |a RM 
958 |a RK 
999 |c 934713  |d 936643 
952 |a SNK  |b SNK  |y PREZ  |7 0  |p 17A0492847  |o snkSC 36999  |i snkKSP 5634/75  |0 0  |1 0  |4 0  |d 2006-01-03  |l 0  |r 2025-10-10 00:00:00  |w 2026-02-24 
952 |a SNK  |b SNK  |y VYP  |7 0  |p 17A0492848  |o snkSC 36999 D1  |i snkKSP 5635/75  |0 0  |1 0  |4 0  |d 2006-01-03  |l 0  |r 2026-02-24 09:00:08  |w 2026-02-24